000 00754nam1a22002291i 4500
001 rc\101487
005 20240726011308.0
035 _a(NLR Aleph) 005393202
090 _a7204885
_c7204885
100 _a20021216g19919999u |0rusy50 ca
101 0 _arus
102 _aRU
105 _ay |||||||||
200 1 _aОбобщенная теоретико-методологическая концепция о живой природе
_e[В 3 кн.]
210 _aМахачкала
_cДаг. кн. изд-во
_d1991-
215 _d21
300 _aИзд. на средства авт.
700 1 _aКушиев
_bН.К.
_gНурислан Кушиевич
801 0 _aRU
_bNLR
_gpsbo
801 1 _aRU
_bELAR
_2rusmarc
852 _aNLR
_j92-3/1484
942 _cBOOK